[Event "Ilichevsk Sunny Pawn op"]
[Site "Ilichevsk"]
[Date "2007.07.29"]
[Round "9"]
[White "Pasko, Alexander"]
[Black "Chaevski, Andrei"]
[Result "1-0"]
[WhiteElo "2359"]
[BlackElo "2084"]
[PlyCount "54"]
[EventDate "2007.07.20"]
[EventType "swiss"]
[EventRounds "11"]
[EventCountry "UKR"]
[SourceTitle "CBM 119 Extra"]
[Source "ChessBase"]
[SourceDate "2007.09.04"]
[SourceVersion "1"]
[SourceVersionDate "2007.09.04"]
[SourceQuality "1"]

1. e4 c6 2. d3 d5 3. Nd2 e5 4. Ngf3 Nd7 5. Qe2 d4 6. g3 Ngf6 7. Bh3 Qc7 8. 0-0 g6 9. a4 Bg7 10. c3 dxc3 11. bxc3 0-0 12. Nc4 Re8 13. Bg2 b5 14. axb5 cxb5 15. Na5 Qxc3 16. Bb2 Qc7 17. Rfc1 Qd6 18. Nc6 b4 19. Qd2 Bf8 20. Ra5 Ng4 21. Rd5 Qf6 22. Qc2 Bd6 23. h3 Nh6 24. g4 g5 25. d4 exd4 26. Bxd4 Qe6 27. Rxg5+ Kf8 1-0

[Event "Ilichevsk Sunny Pawn op"]
[Site "Ilichevsk"]
[Date "2007.07.27"]
[Round "7"]
[White "Chaevski, Andrei"]
[Black "Agafii, Victor"]
[Result "1-0"]
[WhiteElo "2084"]
[BlackElo "2329"]
[PlyCount "98"]
[EventDate "2007.07.20"]
[EventType "swiss"]
[EventRounds "11"]
[EventCountry "UKR"]
[SourceTitle "CBM 119 Extra"]
[Source "ChessBase"]
[SourceDate "2007.09.04"]
[SourceVersion "1"]
[SourceVersionDate "2007.09.04"]
[SourceQuality "1"]

1. d4 e6 2. Nf3 c5 3. e3 Nf6 4. Be2 b6 5. 0-0 Bb7 6. b3 Be7 7. Bb2 0-0 8. c4 d6 9. Nc3 a6 10. Qc2 Qc7 11. Rfd1 Nbd7 12. Rac1 Rac8 13. Ne1 Qb8 14. Bf3 cxd4 15. exd4 d5 16. Qe2 Bd6 17. h3 Rfe8 18. Nc2 Bf4 19. Ne3 dxc4 20. Bxb7 Qxb7 21. bxc4 e5 22. dxe5 Bxe3 23. Qxe3 Rxe5 24. Qd4 Rce8 25. Nd5 h6 26. f4 Re4 27. Qc3 Qc6 28. Rd3 Kh8 29. Rg3 b5 30. Nxf6 Nxf6 31. cxb5 Qxb5 32. Rf1 Qf5 33. Qc7 R8e7 34. Qd6 R4e6 35. Qd8+ Re8 36. Qd1 Kh7 37. Be5 Qe4 38. Rf2 g6 39. Rc3 Nd5 40. Rc5 Ne7 41. Qd7 Qa8 42. Rb2 Rd8 43. Qb7 Kg8 44. Rc7 Qxb7 45. Rbxb7 Re8 46. Bb2 Nf5 47. Rxf7 Re1+ 48. Kh2 R1e6 49. Rh7 R8e7 1-0